00685cam a22002414a 45000010009000000050017000090080041000260100017000670200015000840350020000990400023001190410008001420420008001500600021001580800014001790820018001931000006002111010008002172450069002252460058002942460050003525040041004021226934120180130072440.0010104s2001 paua bd 000 0 eng c a 2001016460 a0781730120 a(DNLM)101084180 aDNLM/DLCcDLCdDLC aeng apcc10aW 13bS8125 2001 a610.3 DIR00a610.3 DIR221 a3 aSHM00aStedman's concise medical dictionary for the health professions.30aConcise medical dictionary for the health professions30aMedical dictionary for the health professions aIncludes bibliographical references.